000 00298nam a2200133 i 4500
001 bg
100 1 _aLEWICKI, Stanisław
245 0 _aCo z tą reformą /
_cS. Lewicki.
260 _aWarszawa,
_c1985.
040 _cBPK
041 _apol
942 _cKS
008 s pl f |000 0 pol
999 _c2397
_d2397
856 _uhttp://koha.tu.koszalin.pl/cgi-bin/koha/opac-detail.pl?biblionumber=2397
_yKatalog online BPK